|
|
|
|
| LEADER |
00863nam a2200241 a 4500 |
| 001 |
c000302790 |
| 003 |
CARM |
| 005 |
20061111060329.0 |
| 008 |
700727s1970 enkaf b 001 0 eng |
| 015 |
|
|
|a B70-06234
|
| 019 |
1 |
|
|a 286837
|5 LACONCORD2021
|
| 020 |
|
|
|a 0090997905 :
|c 45/-
|
| 035 |
|
|
|a (OCoLC)87043
|5 LACONCORD2021
|
| 082 |
0 |
0 |
|a 709
|
| 100 |
2 |
|
|a Coutts-Smith, Kenneth,
|d 1929-
|
| 245 |
1 |
4 |
|a The dream of Icarus /
|c Kenneth Coutts-Smith.
|
| 260 |
|
|
|a London :
|b Hutchinson,
|c 1970.
|
| 300 |
|
|
|a [11], 237 p., 32 plates :
|b ill ;
|c 22 cm.
|
| 504 |
|
|
|a Includes bibliographical references.
|
| 650 |
|
0 |
|a Art and society.
|
| 852 |
8 |
|
|b CARM
|h A3:AE08B0
|i B11517
|p 0546321
|f BK
|
| 999 |
f |
f |
|i dc75c4ec-3fc6-5595-ada8-d064d14f8935
|s cd7a2a73-d3ee-5062-a394-1bac77decd2e
|
| 952 |
f |
f |
|p Can circulate
|a CAVAL
|b CAVAL
|c CAVAL
|d CARM 1 Store
|e B11517
|f A3:AE08B0
|h Other scheme
|i book
|m 0546321
|